000 00468nam a2200181Ia 4500
001 17636
005 20260306171532.0
008 260306s9999||||xx |||||||||||||| ||und||
041 _aESP
082 _a658.1
_bW42
100 _aWeihrich, Heinz
_eAUT
245 0 _aAdministración:
_buna perspectiva global, empresarial y de innovación
260 _c2017
300 _axxv, 646 páginas :
_c27 cm.
650 _aGEN
654 _aCAN
942 _cLIB
_dJUS
_fJUS
_2ddc
_n
999 _c17636
_d17636